Historical dictionary of India/ (Record no. 153443)
[ view plain ]
| 000 -LEADER | |
|---|---|
| fixed length control field | 00566nam a22001937a 4500 |
| 003 - CONTROL NUMBER IDENTIFIER | |
| control field | dpl |
| 005 - DATE AND TIME OF LATEST TRANSACTION | |
| control field | 20180705161034.0 |
| 008 - FIXED-LENGTH DATA ELEMENTS--GENERAL INFORMATION | |
| fixed length control field | 180705b xxu||||| |||| 00| 0 eng d |
| 020 ## - INTERNATIONAL STANDARD BOOK NUMBER | |
| International Standard Book Number | 8170943094 |
| Terms of availability | 0.00 |
| 035 ## - SYSTEM CONTROL NUMBER | |
| System control number | A-996841 |
| 040 ## - CATALOGING SOURCE | |
| Original cataloging agency | DPL |
| Language of cataloging | EN |
| Transcribing agency | 0 |
| 082 ## - DEWEY DECIMAL CLASSIFICATION NUMBER | |
| Classification number | 954.003 |
| 100 ## - MAIN ENTRY--PERSONAL NAME | |
| Personal name | Mansingh, Surjit |
| 245 ## - TITLE STATEMENT | |
| Title | Historical dictionary of India/ |
| Statement of responsibility, etc | by Surjit Mansingh |
| 260 ## - PUBLICATION, DISTRIBUTION, ETC. (IMPRINT) | |
| Place of publication, distribution, etc | New Delhi |
| Name of publisher, distributor, etc | Vision Book Pvt Ltd. |
| Date of publication, distribution, etc | 1998 |
| 300 ## - PHYSICAL DESCRIPTION | |
| Extent | xxxxiv, 505p. |
| Other physical details | includes maps |
| Dimensions | 22cm. |
| 500 ## - GENERAL NOTE | |
| General note | Including 3appendix |
| 942 ## - ADDED ENTRY ELEMENTS (KOHA) | |
| Source of classification or shelving scheme | Dewey Decimal Classification |
| Koha item type | English Books |
| Classification part | 954.003 |
| Call number suffix | MAN |
| Withdrawn status | Lost status | Source of classification or shelving scheme | Damaged status | Not for loan | Collection code | Home library | Current library | Date acquired | Source of acquisition | Cost, normal purchase price | Total Checkouts | Full call number | Barcode | Date last seen | Cost, replacement price | Price effective from | Koha item type |
|---|---|---|---|---|---|---|---|---|---|---|---|---|---|---|---|---|---|
| Dewey Decimal Classification | Non-fiction | Patel Nagar | Patel Nagar | 05/07/2018 | BPPD/Pub | 0.00 | 954.003 MAN | A-996841 | 05/07/2018 | 0.00 | 05/07/2018 | English Books |
